000 00508nmm a2200169Ia 4500
008 251105s9999||||xx |||||||||||||||||und||
020 _a9781615908370
041 _aspa
100 _aKarapetkova, Holly
245 0 _aPorristas = Cheerleading
264 _a[Madrid, España] :
_bRourke Educational Media,
_c2010
300 _a24 páginas
490 _aPequeños deportistas / Sports for sprouts
650 _aAges 6-8 Years Old
856 _uhttps://public.digitaliapublishing.com/a/24714
942 _cCF
999 _c75164
_d75164